| 000 | 00726cab a2200181 4500 | ||
|---|---|---|---|
| 001 | ##L133824 | ||
| 008 | 060612n2006 000 0 eng u | ||
| 035 | _a(Sirsi) u133824 | ||
| 041 | 0 | _aeng | |
| 100 | 1 | _aLawson, David | |
| 245 | 0 | 0 |
_aBack to basics _bplanning |
| 260 | _c2006 | ||
| 490 | 0 |
_aProperty Week _v71(23) 9 June 2006, 109(1) |
|
| 520 | _aReports on the return to mixed-use planning after a century of separating work, rest and play. Mixed-use planning is expected to solve many of this century's anticipated problems. Discusses the benefits of mixed-use development and the problems of fitting the different facets together. | ||
| 590 | _aIKA200606 | ||
| 690 |
_aPlanning and development _96259 |
||
| 942 | _n0 | ||
| 999 |
_c77226 _d77226 |
||